লোডিং...
Patinanj Baratiya Katakal
| প্রধান লেখক: | |
|---|---|
| বিন্যাস: | Printed Book |
| ভাষা: | Malayalam |
| প্রকাশিত: |
D.C. Books, Kottayam
D.C. Books, Kottayam
1981
|
| LEADER | 00483nam a2200121Ia 4500 | ||
|---|---|---|---|
| 008 | 111204s9999 xx 000 0 mal d | ||
| 100 | |a Venu ,Marutayi Viva: | ||
| 245 | |a Patinanj Baratiya Katakal |c Venu ,Marutayi Viva: | ||
| 260 | |b D.C. Books, Kottayam |a D.C. Books, Kottayam |c 1981 | ||
| 300 | |a 172 | ||
| 942 | |c BK | ||
| 999 | |c 207860 |d 207860 | ||
| 952 | |0 0 |1 0 |2 ddc |4 0 |6 808_068000000000000_5_VEN_P |7 0 |9 229885 |a MAL |b MAL |c ST1 |d 2011-12-05 |g 10.00 |l 0 |o 808.068 5 VEN/P |p MAL17228 |r 2011-12-05 |v 10.00 |w 2011-12-05 |y BK | ||